বাংলাদেশ অর্থনৈতিক জরীপ, ১৯৮০-৮১ / (Record no. 18422)
[ view plain ]
| 000 -LEADER | |
|---|---|
| fixed length control field | 01022nam a22001937a 4500 |
| 003 - CONTROL NUMBER IDENTIFIER | |
| control field | BDDh-ASL |
| 005 - DATE AND TIME OF LATEST TRANSACTION | |
| control field | 20231015025715.0 |
| 008 - FIXED-LENGTH DATA ELEMENTS--GENERAL INFORMATION | |
| fixed length control field | 200929b1981 ||||| |||| 00| 0 d |
| 040 ## - CATALOGING SOURCE | |
| Original cataloging agency | BDDh-ASL |
| Transcribing agency | BDDh-ASL |
| Modifying agency | BDDh-ASL |
| 041 ## - LANGUAGE CODE | |
| Language code of text/sound track or separate title | Bengali |
| 082 ## - DEWEY DECIMAL CLASSIFICATION NUMBER | |
| Classification number | 330.5492 |
| Item number | BAN |
| 110 ## - MAIN ENTRY--CORPORATE NAME | |
| 9 (RLIN) | 1264 |
| Corporate name or jurisdiction name as entry element | অর্থ মন্ত্রণালয়, গণপ্রজাতন্ত্রী বাংলাদেশ সরকার |
| 245 ## - TITLE STATEMENT | |
| Title | বাংলাদেশ অর্থনৈতিক জরীপ, ১৯৮০-৮১ / |
| Statement of responsibility, etc. | অর্থ মন্ত্রণালয়, গণপ্রজাতন্ত্রী বাংলাদেশ সরকার। |
| 246 ## - VARYING FORM OF TITLE | |
| Title proper/short title | Bangladesh Orthonoitik Jorip, 1980-81. |
| 260 ## - PUBLICATION, DISTRIBUTION, ETC. | |
| Place of publication, distribution, etc. | ঢাকা: |
| Name of publisher, distributor, etc. | গণপ্রজাতন্ত্রী বাংলাদেশ সরকার, |
| Date of publication, distribution, etc. | ১৯৮১। |
| 300 ## - PHYSICAL DESCRIPTION | |
| Extent | ৩79 পৃষ্ঠা: |
| Other physical details | টেবিল; |
| Dimensions | ২৩ সে. মি.। |
| 650 #0 - SUBJECT ADDED ENTRY--TOPICAL TERM | |
| 9 (RLIN) | 1265 |
| Topical term or geographic name entry element | অর্থনৈতিক জরীপ |
| 942 ## - ADDED ENTRY ELEMENTS (KOHA) | |
| Source of classification or shelving scheme | Dewey Decimal Classification |
| Koha item type | Books |
| Withdrawn status | Lost status | Source of classification or shelving scheme | Damaged status | Not for loan | Collection code | Home library | Current library | Shelving location | Date acquired | Source of acquisition | Total Checkouts | Full call number | Barcode | Date last seen | Copy number | Price effective from | Koha item type |
|---|---|---|---|---|---|---|---|---|---|---|---|---|---|---|---|---|---|
| Dewey Decimal Classification | Non-fiction | Asiatic Society Library | Asiatic Society Library | General Stacks | 09/29/2020 | Donated by National Prof. A. F. A. Husain | 330.5492 BAN | 101612 | 09/29/2020 | C-1 | 09/29/2020 | Books |